El diario de Ana Frank / (Registro nro. 37815)
[ vista simple ]
| 000 -CABECERA | |
|---|---|
| campo de control de longitud fija | 01159nam a2200241 a 4500 |
| 001 - NÚMERO DE CONTROL | |
| campo de control | 000038325 |
| 005 - FECHA Y HORA DE LA ÚLTIMA TRANSACCIÓN | |
| campo de control | 20250612105738.0 |
| 008 - DATOS DE LONGITUD FIJA--INFORMACIÓN GENERAL | |
| campo de control de longitud fija | 130408s2004 dr a 000 0 spa d |
| 020 ## - NÚMERO INTERNACIONAL ESTÁNDAR DEL LIBRO | |
| Número Internacional Estándar del Libro | 9789945120745 |
| 040 ## - FUENTE DE LA CATALOGACIÓN | |
| Centro catalogador/agencia de origen | DO-SdBNP |
| Lengua de catalogación | spa |
| Centro/agencia transcriptor | BNPHU |
| 082 ## - NÚMERO DE LA CLASIFICACIÓN DECIMAL DEWEY | |
| Número de clasificación | 949.2 |
| Número de documento/Ítem | F828di |
| 100 1# - ENTRADA PRINCIPAL--NOMBRE DE PERSONA | |
| Nombre de persona | Frank, Ana |
| 9 (RLIN) | 51149 |
| 245 13 - MENCIÓN DE TÍTULO | |
| Título | El diario de Ana Frank / |
| Mención de responsabilidad, etc. | Ana Frank. |
| 260 ## - PUBLICACIÓN, DISTRIBUCIÓN, ETC. | |
| Lugar de publicación, distribución, etc. | Santo Domingo : |
| Nombre del editor, distribuidor, etc. | Susaeta , |
| Fecha de publicación, distribución, etc. | [s. f.]. |
| 300 ## - DESCRIPCIÓN FÍSICA | |
| Extensión | 264 p. : |
| Otras características físicas | il., retrs. ; |
| Dimensiones | 21 cm. |
| 520 ## - SUMARIO, ETC. | |
| Sumario, etc. | Este el diario de una niña judía, quien sufrió la persecución de los nazis alemanes. Ana y otras siete personas vivieron escondidas durante dos años temiendo que la Gestapo los descubriera. Durante todo este tiempo, la pequeña Ana llevó un diario. En sus páginas plasmó todas sus vivencias y sus más íntimos secretos |
| 600 14 - PUNTO DE ACCESO ADICIONAL DE MATERIA--NOMBRE DE PERSONA | |
| Nombre de persona | ANA FRANK |
| Fechas asociadas al nombre | 1929-1945 |
| Subdivisión de forma | DIARIOS ÍNTIMOS |
| 9 (RLIN) | 64687 |
| 650 #4 - PUNTO DE ACCESO ADICIONAL DE MATERIA--TÉRMINO DE MATERIA | |
| Término de materia o nombre geográfico como elemento de entrada | Holocausto judio |
| Subdivisión cronológica | 1939-1945 |
| Subdivisión geográfica | Países Bajos, Amsterdam |
| Subdivisión de forma | DIARIOS |
| 9 (RLIN) | 64688 |
| 650 #4 - PUNTO DE ACCESO ADICIONAL DE MATERIA--TÉRMINO DE MATERIA | |
| Término de materia o nombre geográfico como elemento de entrada | Judeus |
| Subdivisión geográfica | Países Bajos |
| 9 (RLIN) | 64689 |
| 650 #0 - PUNTO DE ACCESO ADICIONAL DE MATERIA--TÉRMINO DE MATERIA | |
| Término de materia o nombre geográfico como elemento de entrada | Guerra Mundial, 1939-1945 |
| 9 (RLIN) | 13822 |
| 651 #4 - PUNTO DE ACCESO ADICIONAL DE MATERIA--NOMBRE GEOGRÁFICO | |
| Nombre geográfico | Países Bajos |
| Subdivisión general | Historia, Ocupación Alemana, |
| Subdivisión cronológica | 1940-1945 |
| 9 (RLIN) | 64690 |
| 910 ## - DATOS DE OPCIÓN DEL USUARIO (OCLC) | |
| Datos de opción del usuario | Validado. Control de calidad MFF |
| Estado de retiro | Estado de pérdida | No para préstamo | Código de colección | Localización permanente | Ubicación/localización actual | Ubicación en estantería | Fecha de adquisición | Número de inventario | Total de préstamos | Signatura topográfica completa | Código de barras | Fecha visto por última vez | Precio válido a partir de | Tipo de ítem Koha |
|---|---|---|---|---|---|---|---|---|---|---|---|---|---|---|
| Excluido de préstamo | Patrimonio Dominicano | Patrimonio Dominicano | Patrimonio Dominicano | Depósito | 08.04.2013 | LF1 | 949.2 F828di | 38325-10 | 25.06.2020 | 25.06.2020 | Libro y Folleto Colección Patrimonio Dominicano |
